000 00605nam a2200229 a 4500
001 80185
003 BD-RjUL
005 20220808111914.0
008 220807s2020 ii ||||| |||| 00| 0 eng d
020 _a9789385444104
035 _a(BD-RjUL)80185
040 _aBD-RjUL
_beng
_cBD-RjUL
041 _aeng
082 _223
_a347.5405
_bMAL 2020
245 _aLawmann's Civil jurisprudence /
_cK. Mani.
246 _aCivil jurisprudence
250 _a3rd
260 _aNew Delhi :
_bKamal Publishers,
_c[2020?]
300 _a480p.;
_c25 cm.
650 _aCivil procedure
_zIndia
_94331
942 _2ddc
_cBK
999 _c80185
_d80185